| 000 | 01069cam a22001934a 4500 | ||
|---|---|---|---|
| 005 | 20250605164234.0 | ||
| 008 | 250528s ||||||||||||||||||||||||d | ||
| 035 | _a21092 | ||
| 020 | _a9780415253833 | ||
| 040 |
_aGR-AtMCL _bgre _dGR-AtMCL _eAACR2 |
||
| 245 | 1 | _aWriting and Difference / Translated, with an Introduction and Additional Notes, by Alan Bass | |
| 260 |
_bRouledge, _c2008 |
||
| 300 | _a454 | ||
| 520 | _aThe book that changed the way we think. Translator's Introduction, Force and Signification, Cogito and the History of Madness, Edmond Jabes and the Question of the Book, Violence and Metaphysics: An Essay on the Thought of Emmanuel Levinas, ''Genesis and Structure'' and Phenomenology, La Parole Soufflee, Freud and the Scene of Writing, The Theater of Cruelty and the Closure of Representation, From Restricted to General Economy: A Hegelianism Without Reserve, Structure and Sign and Play in the Discourse of the Human Sciences, Ellipsis, Notes, Sources. | ||
| 700 | 1 |
_aDerrida Jacques _9229 |
|
| 942 | _cBK | ||
| 999 |
_c6161 _d6161 |
||